El ballet de Jorge Tomin (Registro nro. 14006)
[ vista simple ]
| 000 -CABECERA | |
|---|---|
| campo de control de longitud fija | 00613nab a2200289Ia 4500 |
| 001 - NÚMERO DE CONTROL | |
| campo de control | 6461 |
| 008 - DATOS DE LONGITUD FIJA--INFORMACIÓN GENERAL | |
| campo de control de longitud fija | 191123s9999 xx 000 0 und d |
| 041 ## - CÓDIGO DE LENGUA | |
| Código de lengua del texto/banda sonora o título independiente | spa |
| 044 ## - CÓDIGO DEL PAÍS DE LA ENTIDAD EDITORA/PRODUCTORA | |
| Código MARC del país | ag |
| 260 ## - PUBLICACIÓN, DISTRIBUCIÓN, ETC. | |
| Lugar de publicación, distribución, etc. | Buenos Aires : |
| Nombre del editor, distribuidor, etc. | [s.n.], |
| Fecha de publicación, distribución, etc. | 1956. |
| 245 #0 - MENCIÓN DE TÍTULO | |
| Título | El ballet de Jorge Tomin |
| 300 ## - DESCRIPCIÓN FÍSICA | |
| Extensión | 1p. |
| Otras características físicas | ilus. b/n |
| 490 #0 - MENCIÓN DE SERIE | |
| Mención de serie | Lyra |
| 550 ## - NOTA DE ENTIDAD RESPONSABLE | |
| Nota de entidad responsable | ilus. b/n |
| 650 ## - PUNTO DE ACCESO ADICIONAL DE MATERIA--TÉRMINO DE MATERIA | |
| Término de materia o nombre geográfico como elemento de entrada | ARGENTINA |
| 650 ## - PUNTO DE ACCESO ADICIONAL DE MATERIA--TÉRMINO DE MATERIA | |
| Término de materia o nombre geográfico como elemento de entrada | BALLET |
| 650 ## - PUNTO DE ACCESO ADICIONAL DE MATERIA--TÉRMINO DE MATERIA | |
| Término de materia o nombre geográfico como elemento de entrada | TOMIN, JORGE, |
| 902 ## - ELEMENTOS DE DATOS B LOCAL, LDB (RLIN) | |
| a | S |
| 903 ## - ELEMENTOS DE DATOS C LOCAL, LDC (RLIN) | |
| a | a |
| 904 ## - ELEMENTOS DE DATOS D LOCAL, LDD (RLIN) | |
| a | as |
| 907 ## - ELEMENTOS DE DATOS G LOCAL, LDG (RLIN) | |
| a | Impreso |
| 911 ## - EQUIVALENCIA O REFERENCIA-CRUZADA-NOMBRE DE CONFERENCIA O REUNIÓN/CONGRESO [LOCAL, CANADÁ] | |
| Nombre de congreso/reunión o jurisdicción como elemento de entrada | ilus. b/n |
| 912 ## - | |
| -- | 1956 |
| 920 ## - | |
| -- | 14, n.149-151 |
| 942 ## - ELEMENTOS DE PUNTO DE ACCESO ADICIONAL (KOHA) | |
| Tipo de ítem Koha | Analítica |
No hay ítems disponibles.